[Event "Böblinger Open 2015"]
[Site "Böblingen"]
[Date "2015.12.29"]
[Round "6.18"]
[White "Kvetny, Mark"]
[Black "Frick, Christoph"]
[Result "1-0"]
[WhiteElo "2393"]
[BlackElo "2209"]
[PlyCount "83"]
[EventDate "2015.12.??"]
[EventType "swiss"]
[EventRounds "9"]
[WhiteTeam "Stuttgarter SF"]
[BlackTeam "SK Bebenhausen"]

1. d4 d5 2. c4 c6 3. Nf3 Nf6 4. Nc3 dxc4 5. a4 Bf5 6. Ne5 Nbd7 7. Nxc4 Nb6 8.
Ne5 a5 9. h4 e6 10. f3 h6 11. e4 Bh7 12. Be3 Bb4 13. Qb3 O-O 14. Kf2 Nbd7 15.
Nd3 Qe7 16. Na2 c5 17. Naxb4 cxb4 18. g3 Rac8 19. Be2 Rc6 20. Rac1 Rfc8 21.
Rxc6 Rxc6 22. Rd1 Rc8 23. Kg2 Qd6 24. Nc5 Nxc5 25. dxc5 Qc7 26. Qd3 Nd5 27. Bf2
g5 28. hxg5 hxg5 29. Qd2 Ne7 30. Qxg5+ Ng6 31. Qf6 Qe5 32. Bd4 Qxf6 33. Bxf6
Nf8 34. Rd8 Rxd8 35. Bxd8 Nd7 36. Bxa5 Nxc5 37. Bxb4 Nxa4 38. Bb5 Nxb2 39. Bc3
Nd1 40. Bd4 f5 41. Ba4 fxe4 42. f4 1-0

[Event "Böblinger Open 2015"]
[Site "Böblingen"]
[Date "2015.12.29"]
[Round "7.1"]
[White "Dann, Matthias"]
[Black "Zubarev, Alexander"]
[Result "1/2-1/2"]
[WhiteElo "2477"]
[BlackElo "2548"]
[PlyCount "120"]
[EventDate "2015.12.??"]
[EventType "swiss"]
[EventRounds "9"]
[WhiteTeam "TSV Schott Mainz"]
[BlackTeam "SC Siegburg"]

1. e4 c6 2. Nf3 d5 3. Nc3 Nf6 4. e5 Ne4 5. Ne2 Qb6 6. d4 e6 7. Nfg1 f6 8. f3
Ng5 9. exf6 gxf6 10. f4 Ne4 11. Ng3 c5 12. Nxe4 dxe4 13. d5 Bg7 14. Qh5+ Kf8
15. Be3 f5 16. Rd1 Na6 17. Bxa6 bxa6 18. Ne2 Bd7 19. c3 a5 20. b4 axb4 21. dxe6
Bxe6 22. cxb4 Qxb4+ 23. Kf2 Qb5 24. Rd6 Qe8 25. Qh3 Rc8 26. Ng3 h5 27. Nxe4 Rc6
28. Rxc6 Qxc6 29. Nxc5 Rh6 30. Nxe6+ Qxe6 31. Rd1 Qxa2+ 32. Rd2 Qe6 33. Qf3 Qc6
34. Qxc6 Rxc6 35. Rd5 Rf6 36. Bxa7 Bh6 37. Bd4 Rf7 38. Be5 Kg8 39. Kg3 Ra7 40.
Kh4 Bf8 41. Rd2 Kf7 42. Kxh5 Be7 43. g4 fxg4 44. Kxg4 Ra6 45. f5 Bf6 46. Bf4
Ra4 47. Rd7+ Ke8 48. Rd5 Kf7 49. Rb5 Be7 50. Rb7 Ke8 51. Rb6 Kf7 52. Rc6 Bf6
53. Re6 Rb4 54. Re2 Ra4 55. Kf3 Ra5 56. Kg4 Ra4 57. Rf2 Bd4 58. Rf3 Be5 59. Kg5
Bxf4+ 60. Rxf4 Ra2 1/2-1/2

[Event "Böblinger Open 2015"]
[Site "Böblingen"]
[Date "2015.12.29"]
[Round "7.3"]
[White "Xu, Xiangyu"]
[Black "Feller, Sebastien"]
[Result "0-1"]
[WhiteElo "2390"]
[BlackElo "2623"]
[PlyCount "84"]
[EventDate "2015.12.??"]
[EventType "swiss"]
[EventRounds "9"]
[BlackTeam "SG Speyer-Schwegenheim"]

1. e4 d5 2. Nc3 d4 3. Nce2 e5 4. d3 c5 5. g3 Nc6 6. Bg2 Bd6 7. f4 Nge7 8. Nf3
f6 9. f5 Bd7 10. g4 Qc7 11. b3 O-O-O 12. Ng3 Kb8 13. Kf2 g6 14. Bh6 Rhg8 15.
Qd2 Nc8 16. h4 Bf8 17. Bh3 Nd6 18. a3 Nf7 19. Bxf8 Rdxf8 20. Rag1 Nd6 21. Qh6
Bc8 22. g5 Qe7 23. Re1 a5 24. Nd2 a4 25. bxa4 c4 26. dxc4 Ne8 27. Bf1 Qxa3 28.
Bd3 Nb4 29. Ke2 Na2 30. Nb1 Qe7 31. Kd1 Qb4 32. Ke2 Qe7 33. Kd1 Ka7 34. Rhf1
gxf5 35. Nxf5 Bxf5 36. Rxf5 Rg6 37. Qh5 fxg5 38. Rxg5 Rb6 39. c3 Rxb1+ 40. Bxb1
Nxc3+ 41. Kc2 Rf2+ 42. Kb3 Qd7 0-1

[Event "Böblinger Open 2015"]
[Site "Böblingen"]
[Date "2015.12.29"]
[Round "7.4"]
[White "Bortnyk, Olexandr"]
[Black "Nguyen, Thai Dai Van"]
[Result "1-0"]
[WhiteElo "2552"]
[BlackElo "2396"]
[PlyCount "117"]
[EventDate "2015.12.??"]
[EventType "swiss"]
[EventRounds "9"]

1. d4 Nf6 2. Nf3 d5 3. Bf4 Bf5 4. e3 e6 5. c4 c6 6. Nc3 Nbd7 7. Qb3 Qb6 8. c5
Qxb3 9. axb3 a6 10. h3 Be7 11. b4 O-O 12. Nd2 Rac8 13. Nb3 Bd8 14. Bd6 Re8 15.
Na5 Bxa5 16. bxa5 e5 17. Kd2 Re6 18. f3 Ne8 19. Bxe5 Nxe5 20. dxe5 Rxe5 21. g4
Bd7 22. Ra4 Nc7 23. Rb4 Nb5 24. Bxb5 axb5 25. Rd4 f5 26. e4 fxe4 27. fxe4 Be6
28. Re1 Re8 29. exd5 Rxe1 30. Kxe1 Bxd5+ 31. Kf2 Bb3 32. Rd7 Ra8 33. Rxb7 Rxa5
34. Rb6 b4 35. Rxb4 Bc2 36. Rb8+ Kf7 37. b4 Ra3 38. Ne2 Be4 39. h4 Rf3+ 40. Ke1
Rh3 41. Rb7+ Kg8 42. Re7 Bh1 43. h5 Rh4 44. Ng3 Bd5 45. Rxg7+ Kxg7 46. Nf5+ Kf6
47. Nxh4 Kg5 48. Nf5 Be6 49. Ne3 Kf4 50. Kd2 Bc8 51. Kd3 Ba6+ 52. Kd4 Be2 53.
h6 Bb5 54. Nf5 Kxg4 55. Ke5 Kg5 56. Nd4 Ba4 57. Kd6 Kxh6 58. b5 cxb5 59. c6 1-0

[Event "Böblinger Open 2015"]
[Site "Böblingen"]
[Date "2015.12.29"]
[Round "7.5"]
[White "Skoberne, Jure"]
[Black "Möhn, Hans"]
[Result "1-0"]
[WhiteElo "2547"]
[BlackElo "2383"]
[PlyCount "69"]
[EventDate "2015.12.??"]
[EventType "swiss"]
[EventRounds "9"]
[BlackTeam "USV TU Dresden"]

1. Nf3 c5 2. g3 Nc6 3. Bg2 g6 4. d4 cxd4 5. Nxd4 Bg7 6. Nb3 d6 7. O-O Be6 8.
Nc3 Nf6 9. e4 O-O 10. Nd5 Bd7 11. Qe2 Nxd5 12. exd5 Nd4 13. Nxd4 Bxd4 14. Be3
Bf6 15. c4 Qa5 16. b4 Qa6 17. Rab1 Rac8 18. Rfc1 b6 19. Bf1 Rc7 20. c5 Qxe2 21.
Bxe2 bxc5 22. bxc5 dxc5 23. Bf4 Rcc8 24. Rb7 Bf5 25. Bc4 Rfd8 26. Rxa7 Ra8 27.
Rc7 Rdc8 28. d6 g5 29. Bd5 gxf4 30. Bxa8 Rxa8 31. R1xc5 e6 32. Rc8+ Rxc8 33.
Rxc8+ Kg7 34. d7 fxg3 35. hxg3 1-0

[Event "Böblinger Open 2015"]
[Site "Böblingen"]
[Date "2015.12.29"]
[Round "7.6"]
[White "Klein, Felix"]
[Black "Stupak, Kirill"]
[Result "1-0"]
[WhiteElo "2344"]
[BlackElo "2542"]
[PlyCount "79"]
[EventDate "2015.12.??"]
[EventType "swiss"]
[EventRounds "9"]
[WhiteTeam "Aachener SV"]

1. e4 e6 2. d4 d5 3. Nc3 Bb4 4. e5 Qd7 5. a3 Bxc3+ 6. bxc3 b6 7. Qg4 f5 8. Qg3
Ba6 9. Bxa6 Nxa6 10. Ne2 Qf7 11. Nf4 Ne7 12. h4 Nb8 13. a4 Nbc6 14. h5 h6 15.
Ba3 Rg8 16. Qd3 Na5 17. Qa6 Kd7 18. Rh3 Nc4 19. Bb4 Nc6 20. Rg3 Nxb4 21. cxb4
Qe7 22. Qb5+ c6 23. Qa6 Rac8 24. b5 c5 25. Nxd5 exd5 26. Qb7+ Kd8 27. Qxd5+ Kc7
28. Qxc4 Kb8 29. Kf1 Qh4 30. Kg1 cxd4 31. Qf7 Rgf8 32. Qe6 Rc7 33. a5 Qe7 34.
Qxe7 Rxe7 35. axb6 axb6 36. Ra6 Rxe5 37. Rxb6+ Ka7 38. Ra6+ Kb8 39. Rxg7 Rxb5
40. Rxh6 1-0

[Event "Böblinger Open 2015"]
[Site "Böblingen"]
[Date "2015.12.29"]
[Round "7.7"]
[White "Lei, Tingjie"]
[Black "Höfelsauer, Thomas"]
[Result "1-0"]
[WhiteElo "2444"]
[BlackElo "2300"]
[PlyCount "65"]
[EventDate "2015.12.??"]
[EventType "swiss"]
[EventRounds "9"]
[BlackTeam "SC Garching"]

1. c4 c5 2. g3 Nc6 3. Bg2 g6 4. Nc3 Bg7 5. Nf3 e5 6. O-O Nge7 7. a3 a5 8. Ne1
O-O 9. Nc2 d6 10. d3 Be6 11. Ne3 Rb8 12. Rb1 f5 13. Ned5 Bf7 14. Bd2 Nxd5 15.
Nxd5 h6 16. b4 axb4 17. axb4 cxb4 18. Nxb4 Nxb4 19. Rxb4 d5 20. cxd5 Bxd5 21.
Rb5 Bxg2 22. Qb3+ Kh7 23. Kxg2 Qd7 24. Rb1 Rf7 25. Be3 Re7 26. f3 e4 27. dxe4
fxe4 28. f4 Qg4 29. Re1 Rc7 30. h3 Qc8 31. Qd5 Rc3 32. Ba7 Ra8 33. Rc5 1-0

[Event "Böblinger Open 2015"]
[Site "Böblingen"]
[Date "2015.12.29"]
[Round "7.9"]
[White "Farmani Anosheh, Armin"]
[Black "Pezerovic, Edin"]
[Result "0-1"]
[WhiteElo "2256"]
[BlackElo "2414"]
[PlyCount "102"]
[EventDate "2015.12.??"]
[EventType "swiss"]
[EventRounds "9"]
[WhiteTeam "SK Ladenburg"]
[BlackTeam "Münchener SC"]

1. d4 d5 2. c4 c6 3. Nf3 Nf6 4. Nc3 a6 5. c5 Bf5 6. Bf4 e6 7. e3 Nbd7 8. Be2
Be7 9. Nd2 h6 10. b4 Bh7 11. O-O O-O 12. a3 Re8 13. Nb3 Qc8 14. Bd3 Bxd3 15.
Qxd3 Bd8 16. e4 dxe4 17. Nxe4 Nxe4 18. Qxe4 Nf6 19. Qf3 Nd5 20. Be5 a5 21. Nd2
f6 22. Bg3 Ne7 23. Nc4 Nf5 24. Qc3 Qd7 25. bxa5 Qxd4 26. Qb4 Be7 27. Bd6 Bxd6
28. cxd6 c5 29. Qb5 Nxd6 30. Nxd6 Qxd6 31. Rac1 Rec8 32. Qxb7 Qc6 33. Rb1 Rxa5
34. Rfd1 Qxb7 35. Rxb7 Rxa3 36. g4 Ra4 37. h3 Rd4 38. Ra1 Kh7 39. Raa7 Rg8 40.
Rc7 h5 41. g5 Kg6 42. Rxc5 e5 43. gxf6 gxf6 44. Rc3 Kf5+ 45. Kf1 Kf4 46. Raa3
e4 47. Ke2 Rgd8 48. Rc2 Rd3 49. Ra6 f5 50. h4 Rh3 51. Rc5 Rf8 0-1

[Event "Böblinger Open 2015"]
[Site "Böblingen"]
[Date "2015.12.29"]
[Round "7.10"]
[White "Jacob, Volker"]
[Black "Neef, Maximilian"]
[Result "0-1"]
[WhiteElo "2247"]
[BlackElo "2403"]
[PlyCount "113"]
[EventDate "2015.12.??"]
[EventType "swiss"]
[EventRounds "9"]
[WhiteTeam "SC Viernheim"]
[BlackTeam "USV TU Dresden"]

1. d4 Nf6 2. c4 g6 3. Nc3 Bg7 4. e4 d6 5. Nf3 O-O 6. Be2 e5 7. O-O Nc6 8. d5
Ne7 9. Nd2 a5 10. a3 Bd7 11. b3 c6 12. Bb2 c5 13. Qc2 Bh6 14. Rab1 Ne8 15. Bc1
f5 16. b4 axb4 17. axb4 b6 18. bxc5 bxc5 19. Nb5 Ra6 20. exf5 Nxf5 21. Ne4 Bxc1
22. Qxc1 Rb6 23. Qg5 Qxg5 24. Nxg5 Nf6 25. Nc3 Rfb8 26. Bd3 Kf8 27. Rxb6 Rxb6
28. Rb1 Rb4 29. Nce4 Nxe4 30. Nxe4 Ke7 31. Re1 h6 32. Ra1 Ba4 33. g4 Nd4 34.
Kg2 g5 35. h3 Kd7 36. Nc3 Rb3 37. Rxa4 Rxc3 38. Ra7+ Kd8 39. Bf1 Rf3 40. Ra8+
Kc7 41. Rh8 Rf6 42. Bd3 Kb6 43. Ra8 Kb7 44. Rd8 Nf3 45. Be2 Nh4+ 46. Kf1 Ng6
47. Ke1 Kc7 48. Rg8 Kb6 49. Bd3 e4 50. Bxe4 Ne5 51. Rb8+ Kc7 52. Re8 Nxc4 53.
Bf5 Nb6 54. Be6 Rf3 55. Re7+ Kb8 56. Bf5 Rxh3 57. Re6 0-1

[Event "Böblinger Open 2015"]
[Site "Böblingen"]
[Date "2015.12.29"]
[Round "7.11"]
[White "Hirneise, Tobias"]
[Black "Kabisch, Thilo"]
[Result "1-0"]
[WhiteElo "2452"]
[BlackElo "2292"]
[PlyCount "61"]
[EventDate "2015.12.??"]
[EventType "swiss"]
[EventRounds "9"]
[WhiteTeam "SF Deizisau"]
[BlackTeam "SK Schmiden/Cannstatt"]

1. d4 Nf6 2. c4 g6 3. Nc3 Bg7 4. e4 d6 5. Nf3 O-O 6. Be2 e5 7. Be3 Ng4 8. Bg5
f6 9. Bc1 c6 10. d5 f5 11. dxc6 bxc6 12. Bg5 Nf6 13. O-O Na6 14. exf5 gxf5 15.
Qd2 Qe7 16. Rad1 Rd8 17. Rfe1 Rb8 18. c5 Nxc5 19. Nxe5 Qb7 20. Bc4+ d5 21. Nxc6
Qxc6 22. Nxd5 Ne6 23. Ne7+ Kf7 24. Nxc6 Rxd2 25. Rxd2 Rb6 26. Nd8+ Kg6 27. Bxf6
Kxf6 28. Bxe6 Bh6 29. Rc2 Ba6 30. Bd5 Bf4 31. Rc6+ 1-0

[Event "Böblinger Open 2015"]
[Site "Böblingen"]
[Date "2015.12.29"]
[Round "7.13"]
[White "Sieglen, Joachim"]
[Black "Kvetny, Mark"]
[Result "0-1"]
[WhiteElo "2244"]
[BlackElo "2393"]
[PlyCount "46"]
[EventDate "2015.12.??"]
[EventType "swiss"]
[EventRounds "9"]
[WhiteTeam "SC Untergrombach"]
[BlackTeam "Stuttgarter SF"]

1. d4 Nf6 2. c4 e6 3. g3 d5 4. Nf3 dxc4 5. Bg2 Bd7 6. Ne5 Bc6 7. Nxc6 Nxc6 8.
Qa4 Qd7 9. e3 Nb4 10. Qxd7+ Kxd7 11. Na3 Nd3+ 12. Ke2 Bxa3 13. bxa3 Rab8 14. e4
b5 15. Be3 Rb6 16. Bd2 Ra6 17. Bb4 Ra4 18. Rhb1 Rb8 19. f3 a5 20. Bd2 Rxa3 21.
Bf1 c5 22. dxc5 Kc6 23. Be3 Nd7 0-1

[Event "Böblinger Open 2015"]
[Site "Böblingen"]
[Date "2015.12.30"]
[Round "8.1"]
[White "Feller, Sebastien"]
[Black "Menezes, Christoph"]
[Result "1/2-1/2"]
[WhiteElo "2623"]
[BlackElo "2346"]
[PlyCount "101"]
[EventDate "2015.12.??"]
[EventType "swiss"]
[EventRounds "9"]
[WhiteTeam "SG Speyer-Schwegenheim"]

1. e4 e5 2. Nf3 Nc6 3. Bb5 Nf6 4. O-O Nxe4 5. d4 Nd6 6. Bxc6 dxc6 7. dxe5 Nf5
8. Qxd8+ Kxd8 9. c4 Be6 10. b3 h6 11. Nc3 a5 12. Ne2 a4 13. Bb2 c5 14. Nf4 Ne7
15. Nxe6+ fxe6 16. Rfd1+ Ke8 17. Rd2 Nc6 18. g3 Be7 19. Rad1 Rg8 20. h3 Kf7 21.
Kf1 axb3 22. axb3 Rgd8 23. Rxd8 Rxd8 24. Rxd8 Nxd8 25. Bc3 Nc6 26. Ke2 g6 27.
Kd3 b6 28. Ke4 Bf8 29. Ng1 h5 30. Ne2 Be7 31. f4 Bd8 32. Kd3 Ne7 33. Be1 Nf5
34. Ke4 Ne7 35. Bc3 Nc6 36. Ng1 Ne7 37. Bd2 Nf5 38. Ne2 Nh6 39. Be1 Be7 40. Bf2
Bd8 41. Nc3 g5 42. fxg5 Bxg5 43. Nb5 Bd8 44. Be3 Nf5 45. Bf4 Kg6 46. Na7 Ne7
47. Nb5 Nc6 48. Bd2 Ne7 49. Bc3 Nf5 50. Be1 Ne7 51. Bd2 1/2-1/2

[Event "Böblinger Open 2015"]
[Site "Böblingen"]
[Date "2015.12.30"]
[Round "8.2"]
[White "Smirnov, Artem"]
[Black "Bortnyk, Olexandr"]
[Result "0-1"]
[WhiteElo "2429"]
[BlackElo "2552"]
[PlyCount "74"]
[EventDate "2015.12.??"]
[EventType "swiss"]
[EventRounds "9"]

1. d4 e6 2. c4 b6 3. Nf3 Bb7 4. g3 f5 5. Bg2 g6 6. O-O Bg7 7. Nc3 Nf6 8. Bg5
O-O 9. Qd2 d6 10. d5 e5 11. e4 fxe4 12. Bxf6 Bxf6 13. Nxe4 Nd7 14. Nfg5 Bxg5
15. Nxg5 Qe7 16. Ne6 Rf6 17. Nxc7 Rc8 18. Nb5 Rxc4 19. b3 Rc8 20. Rac1 a5 21.
Bh3 Rxc1 22. Rxc1 Nc5 23. Re1 Ba6 24. Bf1 Qd7 25. Nc3 Bxf1 26. Rxf1 Rf3 27. Re1
Rd3 28. Qc2 Qf5 29. Rc1 Qf3 30. a3 e4 31. Nd1 Rxb3 32. Ne3 b5 33. Rb1 a4 34.
Rxb3 axb3 35. Qc3 Nd3 36. Qc8+ Kg7 37. Qc7+ Kh6 0-1

[Event "Böblinger Open 2015"]
[Site "Böblingen"]
[Date "2015.12.30"]
[Round "8.3"]
[White "Zubarev, Alexander"]
[Black "Holm, Kristian Stuvik"]
[Result "1-0"]
[WhiteElo "2548"]
[BlackElo "2417"]
[PlyCount "94"]
[EventDate "2015.12.??"]
[EventType "swiss"]
[EventRounds "9"]
[WhiteTeam "SC Siegburg"]
[BlackTeam "Vålerenga"]

1. e4 e6 2. d4 d5 3. Nd2 c5 4. Ngf3 cxd4 5. Nxd4 Nf6 6. e5 Nfd7 7. N2f3 Nc6 8.
Bf4 Be7 9. c3 Nc5 10. h4 O-O 11. Bd3 Nxd3+ 12. Qxd3 Nxd4 13. Nxd4 f6 14. Qe3
Qb6 15. O-O-O Bd7 16. h5 Rf7 17. Rhe1 Bc5 18. h6 fxe5 19. Bxe5 g6 20. g4 a5 21.
f4 Qa6 22. Qd2 Bd6 23. f5 exf5 24. gxf5 Bxe5 25. Rxe5 Qd6 26. fxg6 hxg6 27. Qg5
Qf6 28. Qxf6 Rxf6 29. Rxd5 Be8 30. Re1 Kh7 31. Re7+ Kxh6 32. Rxb7 Bf7 33. Rdd7
Bxa2 34. Rh7+ Kg5 35. Rb5+ Kg4 36. Rh1 a4 37. Rg1+ Kh4 38. Rb7 Rf7 39. Rb4 Kh3
40. Ne2 g5 41. Rg3+ Kh2 42. Rxg5 Rf1+ 43. Kd2 Rd8+ 44. Nd4 Kh3 45. Ke2 Rf4 46.
Ke3 Rf1 47. Nf3 Re8+ 1-0

[Event "Böblinger Open 2015"]
[Site "Böblingen"]
[Date "2015.12.30"]
[Round "8.4"]
[White "Pezerovic, Edin"]
[Black "Skoberne, Jure"]
[Result "1/2-1/2"]
[WhiteElo "2414"]
[BlackElo "2547"]
[PlyCount "64"]
[EventDate "2015.12.??"]
[EventType "swiss"]
[EventRounds "9"]
[WhiteTeam "Münchener SC"]

1. d4 g6 2. Nf3 Bg7 3. Bf4 d6 4. e3 Nd7 5. Bc4 e5 6. Bg3 Qe7 7. O-O Ngf6 8.
dxe5 Nxe5 9. Nxe5 dxe5 10. Nc3 O-O 11. Bh4 Qb4 12. Bxf6 Qxc4 13. Bxg7 Kxg7 14.
Qd5 Qxd5 15. Nxd5 Bf5 16. Rac1 Rfd8 17. Nc3 c6 18. a3 Rd2 19. e4 Be6 20. Rfd1
Rd4 21. Kf1 b5 22. f3 a5 23. Ne2 Ra4 24. Ra1 Rc4 25. c3 Ra4 26. Ke1 b4 27. axb4
axb4 28. Rxa4 Rxa4 29. cxb4 Rxb4 30. Rd2 Kf6 31. Nc1 c5 32. Ne2 h5 1/2-1/2

[Event "Böblinger Open 2015"]
[Site "Böblingen"]
[Date "2015.12.30"]
[Round "8.5"]
[White "Neef, Maximilian"]
[Black "Dann, Matthias"]
[Result "1-0"]
[WhiteElo "2403"]
[BlackElo "2477"]
[PlyCount "83"]
[EventDate "2015.12.??"]
[EventType "swiss"]
[EventRounds "9"]
[WhiteTeam "USV TU Dresden"]
[BlackTeam "TSV Schott Mainz"]

1. Nf3 Nf6 2. c4 g6 3. Nc3 Bg7 4. e4 d6 5. d4 O-O 6. h3 e5 7. d5 a5 8. Bg5 Na6
9. Be2 c6 10. Nd2 Bd7 11. O-O Kh8 12. a3 Qc7 13. Rb1 Ng8 14. b4 axb4 15. axb4
c5 16. bxc5 Nxc5 17. Nb3 b6 18. Nxc5 bxc5 19. Nb5 Bxb5 20. cxb5 Rfb8 21. Ra1
Rxa1 22. Qxa1 Nf6 23. Bxf6 Bxf6 24. Qa6 Qb6 25. Qxb6 Rxb6 26. Ra1 Kg7 27. Ra8
h5 28. Kf1 Be7 29. Bc4 f5 30. Ke2 Kf6 31. Kd3 Rb7 32. Kc3 Rd7 33. Kb3 Bd8 34.
Rb8 fxe4 35. b6 Bxb6 36. Rxb6 Kg5 37. Kc3 Rf7 38. Rxd6 Rxf2 39. Re6 Kf5 40. d6
e3 41. d7 Rd2 42. Bd3+ 1-0

[Event "Böblinger Open 2015"]
[Site "Böblingen"]
[Date "2015.12.30"]
[Round "8.6"]
[White "Klein, Felix"]
[Black "Lei, Tingjie"]
[Result "0-1"]
[WhiteElo "2344"]
[BlackElo "2444"]
[PlyCount "76"]
[EventDate "2015.12.??"]
[EventType "swiss"]
[EventRounds "9"]
[WhiteTeam "Aachener SV"]

1. e4 c5 2. Nf3 e6 3. d4 cxd4 4. Nxd4 Nc6 5. Nc3 Qc7 6. Be3 a6 7. Qd2 Nf6 8.
O-O-O Be7 9. f3 b5 10. g4 Nxd4 11. Qxd4 Bb7 12. g5 Nh5 13. Kb1 Rc8 14. Qd2 b4
15. Na4 d5 16. Bd3 O-O 17. exd5 Bxd5 18. Rhf1 Rb8 19. b3 a5 20. f4 g6 21. f5
exf5 22. Bxf5 Rfd8 23. Bd3 Bf8 24. Bb6 Rxb6 25. Nxb6 Qxb6 26. Be4 Bxe4 27. Qxd8
Qc5 28. Rd2 Ng7 29. Rf6 Qg1+ 30. Kb2 Qxg5 31. Ra6 Qf4 32. Ra7 Ne6 33. Qe8 Nc7
34. Qd7 Nb5 35. Rxa5 Qf6+ 36. Kb1 Nc3+ 37. Kc1 Qf1+ 38. Rd1 Bh6+ 0-1

[Event "Böblinger Open 2015"]
[Site "Böblingen"]
[Date "2015.12.30"]
[Round "8.7"]
[White "Schiendorfer, Emanuel"]
[Black "Hirneise, Tobias"]
[Result "1/2-1/2"]
[WhiteElo "2339"]
[BlackElo "2452"]
[PlyCount "75"]
[EventDate "2015.12.??"]
[EventType "swiss"]
[EventRounds "9"]
[BlackTeam "SF Deizisau"]

1. d4 Nf6 2. c4 e6 3. Nf3 Bb4+ 4. Nbd2 O-O 5. a3 Be7 6. e4 d6 7. Be2 c5 8. O-O
cxd4 9. Nxd4 a6 10. b4 Qc7 11. Bb2 b6 12. Kh1 Bb7 13. f3 Nbd7 14. Rc1 Rac8 15.
Qe1 Rfe8 16. Qf2 Qb8 17. Rfd1 d5 18. cxd5 exd5 19. Nf5 Rxc1 20. Nxe7+ Rxe7 21.
Rxc1 dxe4 22. fxe4 Nxe4 23. Nxe4 Rxe4 24. Bf3 Re7 25. Qd4 f6 26. Bd5+ Kf8 27.
a4 Qa8 28. Bxb7 Qxb7 29. b5 axb5 30. Ba3 Nc5 31. axb5 Re5 32. h3 Ke7 33. Rd1
Kf7 34. Qc4+ Kg6 35. Bxc5 Rxc5 36. Qd3+ Kh6 37. Qe3+ Kg6 38. Qd3+ 1/2-1/2

[Event "Böblinger Open 2015"]
[Site "Böblingen"]
[Date "2015.12.30"]
[Round "8.8"]
[White "Kachar, Vladimir"]
[Black "Yankelevich, Lev"]
[Result "0-1"]
[WhiteElo "2240"]
[BlackElo "2404"]
[PlyCount "46"]
[EventDate "2015.12.??"]
[EventType "swiss"]
[EventRounds "9"]
[BlackTeam "SC Eppingen"]

1. d4 Nf6 2. c4 g6 3. Nc3 d5 4. Nf3 Bg7 5. Qa4+ Bd7 6. Qb3 dxc4 7. Qxc4 O-O 8.
e4 b5 9. Nxb5 Nxe4 10. Nxc7 Nc6 11. Nxa8 Qa5+ 12. Bd2 Nxd2 13. Nxd2 Rxa8 14.
Qc3 Qa4 15. Bd3 Nxd4 16. Qc4 Qa5 17. Rd1 Bb5 18. Qd5 Rd8 19. Qe4 f5 20. Qe3 f4
21. Qe4 Bc6 22. Qxf4 Bxg2 23. Be4 Qb5 0-1

[Event "Böblinger Open 2015"]
[Site "Böblingen"]
[Date "2015.12.30"]
[Round "8.9"]
[White "Kvetny, Mark"]
[Black "Kucuksari, Kaan"]
[Result "1-0"]
[WhiteElo "2393"]
[BlackElo "2035"]
[PlyCount "93"]
[EventDate "2015.12.??"]
[EventType "swiss"]
[EventRounds "9"]
[WhiteTeam "Stuttgarter SF"]

1. d4 f5 2. g3 Nf6 3. Bg2 g6 4. Nh3 Bg7 5. c3 O-O 6. Qb3+ d5 7. Nf4 c6 8. Nd2
e6 9. Nf3 Ne4 10. Nd3 Nd7 11. Bf4 c5 12. dxc5 Ndxc5 13. Nxc5 Nxc5 14. Qb4 b6
15. Be5 Bxe5 16. Nxe5 Qf6 17. Qd4 Nd7 18. Nxd7 Qxd4 19. cxd4 Bxd7 20. Kd2 Kf7
21. e3 Ke7 22. Bf1 Kd6 23. Bd3 Rac8 24. h4 h6 25. Rag1 a5 26. Rh2 g5 27. hxg5
hxg5 28. g4 f4 29. Rh5 fxe3+ 30. Kxe3 Rg8 31. f4 Rcf8 32. Rxg5 Rxg5 33. fxg5
Rg8 34. g6 Be8 35. Kf4 Bxg6 36. Bxg6 Rxg6 37. g5 Rg8 38. g6 e5+ 39. dxe5+ Ke6
40. g7 Kf7 41. Kf5 Rxg7 42. e6+ Kf8 43. Rxg7 Kxg7 44. Ke5 d4 45. Kxd4 Kf6 46.
Kd5 Ke7 47. a4 1-0

[Event "Böblinger Open 2015"]
[Site "Böblingen"]
[Date "2015.12.30"]
[Round "8.12"]
[White "Gheng, Josef"]
[Black "Xu, Xiangyu"]
[Result "0-1"]
[WhiteElo "2319"]
[BlackElo "2390"]
[PlyCount "70"]
[EventDate "2015.12.??"]
[EventType "swiss"]
[EventRounds "9"]
[WhiteTeam "SC Erdmannhausen"]

1. c4 g6 2. g3 Bg7 3. Bg2 c5 4. Nf3 Nc6 5. Nc3 d6 6. d3 e6 7. O-O Nge7 8. a3 b6
9. Bg5 f6 10. Bd2 Bb7 11. d4 Qd7 12. d5 exd5 13. cxd5 Nd8 14. e4 Nf7 15. Re1
O-O 16. Qe2 Rae8 17. Qc4 f5 18. Bh3 Bc8 19. Bf4 Qc7 20. Nb5 Qb8 21. Nxd6 Nxd6
22. Bxd6 Qxd6 23. Rad1 fxe4 24. Be6+ Bxe6 25. dxe6 Qc6 26. Ng5 Bd4 27. Nxe4 Rf5
28. Rxd4 cxd4 29. Qxc6 Nxc6 30. Nd6 Re7 31. Nxf5 gxf5 32. b4 Kg7 33. Rd1 a6 34.
a4 b5 35. axb5 axb5 0-1

[Event "Böblinger Open 2015"]
[Site "Böblingen"]
[Date "2015.12.30"]
[Round "9.1"]
[White "Bortnyk, Olexandr"]
[Black "Zubarev, Alexander"]
[Result "1/2-1/2"]
[WhiteElo "2552"]
[BlackElo "2548"]
[PlyCount "21"]
[EventDate "2015.12.??"]
[EventType "swiss"]
[EventRounds "9"]
[BlackTeam "SC Siegburg"]

1. e4 c5 2. c3 Nf6 3. e5 Nd5 4. d4 cxd4 5. Nf3 Nc6 6. cxd4 d6 7. Bc4 e6 8. O-O
Be7 9. Qe2 O-O 10. Rd1 Bd7 11. Bxd5 1/2-1/2

[Event "Böblinger Open 2015"]
[Site "Böblingen"]
[Date "2015.12.30"]
[Round "9.2"]
[White "Lei, Tingjie"]
[Black "Neef, Maximilian"]
[Result "1/2-1/2"]
[WhiteElo "2444"]
[BlackElo "2403"]
[PlyCount "92"]
[EventDate "2015.12.??"]
[EventType "swiss"]
[EventRounds "9"]
[BlackTeam "USV TU Dresden"]

1. Nf3 Nf6 2. g3 g6 3. b3 Bg7 4. Bb2 O-O 5. Bg2 c5 6. c4 d6 7. d4 cxd4 8. Nxd4
Qb6 9. O-O Nc6 10. Nxc6 bxc6 11. Qd2 d5 12. cxd5 cxd5 13. Nc3 Bb7 14. Rac1 Rac8
15. Na4 Qd6 16. Qe3 Qb8 17. Qxe7 Rfe8 18. Rxc8 Bxc8 19. Qc5 Rxe2 20. Qc1 Bf5
21. Qa1 Qd8 22. Bd4 Be4 23. Nc3 Bxg2 24. Kxg2 Re7 25. Rd1 Rd7 26. Na4 Nh5 27.
Nc5 Rc7 28. b4 Bxd4 29. Qxd4 Nf6 30. Rd3 Qd6 31. Rf3 Rc6 32. Nb7 Qe7 33. Na5
Rb6 34. b5 Qe4 35. Qc5 Ng4 36. Nc6 Nxh2 37. Kxh2 Qxf3 38. a4 h5 39. Qd4 Qe2 40.
Kg1 Qe1+ 41. Kh2 Rb7 42. Qf6 Qe6 43. Qd4 Rc7 44. a5 Qd7 45. a6 Kh7 46. Kg1 Kg8
1/2-1/2

[Event "Böblinger Open 2015"]
[Site "Böblingen"]
[Date "2015.12.30"]
[Round "9.3"]
[White "Yankelevich, Lev"]
[Black "Feller, Sebastien"]
[Result "1/2-1/2"]
[WhiteElo "2404"]
[BlackElo "2623"]
[PlyCount "29"]
[EventDate "2015.12.??"]
[EventType "swiss"]
[EventRounds "9"]
[WhiteTeam "SC Eppingen"]
[BlackTeam "SG Speyer-Schwegenheim"]

1. d4 Nf6 2. c4 g6 3. Nc3 Bg7 4. e4 O-O 5. Be2 d6 6. Nf3 Na6 7. O-O e5 8. Be3
c6 9. d5 Ng4 10. Bg5 f6 11. Bh4 h5 12. h3 Nh6 13. c5 Nxc5 14. b4 Nd7 15. dxc6
1/2-1/2

[Event "Böblinger Open 2015"]
[Site "Böblingen"]
[Date "2015.12.30"]
[Round "9.4"]
[White "Skoberne, Jure"]
[Black "Kvetny, Mark"]
[Result "1-0"]
[WhiteElo "2547"]
[BlackElo "2393"]
[PlyCount "57"]
[EventDate "2015.12.??"]
[EventType "swiss"]
[EventRounds "9"]
[BlackTeam "Stuttgarter SF"]

1. Nf3 c5 2. c4 Nc6 3. d4 cxd4 4. Nxd4 Nf6 5. Nc3 e6 6. e4 Bb4 7. Nxc6 bxc6 8.
Bd3 e5 9. O-O O-O 10. Qc2 d6 11. Rb1 Be6 12. a3 Bxc3 13. Qxc3 Nd7 14. b4 a5 15.
Be3 axb4 16. axb4 c5 17. b5 Qa5 18. Qxa5 Rxa5 19. Rfd1 Nb6 20. Bf1 Bxc4 21.
Rxd6 Bxf1 22. Kxf1 Na4 23. Ra6 Ra8 24. Rxa5 Rxa5 25. b6 Ra8 26. b7 Rb8 27. Ra1
Nb6 28. Bxc5 Nd7 29. Ra8 1-0

[Event "Böblinger Open 2015"]
[Site "Böblingen"]
[Date "2015.12.30"]
[Round "9.5"]
[White "Menezes, Christoph"]
[Black "Pezerovic, Edin"]
[Result "1/2-1/2"]
[WhiteElo "2346"]
[BlackElo "2414"]
[PlyCount "37"]
[EventDate "2015.12.??"]
[EventType "swiss"]
[EventRounds "9"]
[BlackTeam "Münchener SC"]

1. d4 d5 2. c4 c6 3. Nf3 Nf6 4. Nc3 a6 5. e3 Bf5 6. Be2 h6 7. Bd3 Bxd3 8. Qxd3
e6 9. O-O Be7 10. e4 dxe4 11. Nxe4 Nxe4 12. Qxe4 O-O 13. Bf4 Nd7 14. Rad1 Nf6
15. Qe2 Bd6 16. Be5 Qe7 17. Rd3 Nd7 18. Rfd1 Rad8 19. b3 1/2-1/2